000 00484nam a2200169Ia 4500
003 GCL
008 140319s9999 xx 000 0 ara d
040 _aGCL /
_cGCL
082 0 4 _a813.03
_bع ث
100 1 _aعبده جبير
245 1 0 _aثلاثية سبيل الشخص /
_cعبده جبير
260 _a[S.N] :
_bدار التنوير للطباعة والنشر ،
_c1983
300 _a70 ص
490 _a
650 0 4 _aالقصص الاجتماعية
942 _2ddc
_cBK
999 _c41583
_d41583